书目信息 |
| 题名: |
企业经济责任审计
|
|
| 作者: | ;审计署经贸司课题组 编 | |
| 分册: | ||
| 出版信息: | 北京 中国电力出版社 2002.01 |
|
| 页数: | 478页 | |
| 开本: | 21cm | |
| 丛书名: | ||
| 单 册: | ||
| 中图分类: | F239.62 | |
| 科图分类: | ||
| 主题词: | 企业管理--经济责任制--审计 , CT--S058305--企业管理 , CT--S040551--经济责任制 , CT--S066087--审计 | |
| 电子资源: | ||
| ISBN: | 7-5083-0876-X | |
| 000 | 01045nam0 2200289 45 | |
| 001 | 012002021062 | |
| 005 | 20060912150402.71 | |
| 010 | @a7-5083-0876-X@dCNY48.00 | |
| 035 | @a(011001)c2002016170 | |
| 092 | @aCN@b475451 | |
| 100 | @a20020307d2002 em y0chiy0110 ea | |
| 101 | 0 | @achi |
| 102 | @aCN@b110000 | |
| 105 | @ay z 000yy | |
| 200 | 1 | @a企业经济责任审计@Aqi ye jing ji ze ren shen ji@f审计署经贸司课题组编@Fshen ji shu jing mao si ke ti zu bian |
| 210 | @a北京@c中国电力出版社@d2002.01 | |
| 215 | @a478页@d21cm | |
| 330 | @a本书回答了企业经济责任审计的基本理论问题,提出了解决审计实践中遇到问题的思路和方法,总结了一些地方和部门经济责任审计的经验和好的做法,还辑录了有关的重要法规和文件。 | |
| 606 | 0 | @a企业管理@x经济责任制@x审计 |
| 606 | 0 | @2CT@3S058305@a企业管理 |
| 606 | 0 | @2CT@3S040551@a经济责任制 |
| 606 | 0 | @2CT@3S066087@a审计 |
| 690 | @aF239.62@v4 | |
| 711 | 02 | @a审计署经贸司课题组@Ashen ji shu jing mao si ke ti zu@4编 |
| 801 | 0 | @aCN@bNLC@c20060912 |
| 905 | @aBZT@dF239.62@e1 | |
| 906 | @dCNY48.00@n0@r1 | |
| 企业经济责任审计/审计署经贸司课题组编.-北京:中国电力出版社,2002.01 |
| 478页;21cm |
| ISBN 7-5083-0876-X:CNY48.00 |
| 本书回答了企业经济责任审计的基本理论问题,提出了解决审计实践中遇到问题的思路和方法,总结了一些地方和部门经济责任审计的经验和好的做法,还辑录了有关的重要法规和文件。 |
| ● |
| 相关链接 |
|
|
|
正题名:企业经济责任审计
索取号:F239.62/1
 
预约/预借
| 序号 | 登录号 | 条形码 | 馆藏地/架位号 | 状态 | 备注 |
| 1 | 455578 | 230011941 | 中心书库北库/ 北库009架A面1列3层25/ [索取号:F239.62/1] | 在馆 | |
| 2 | 455579 | 230011940 | 中心书库北库/ 北库009架A面1列3层26/ [索取号:F239.62/1] | 在馆 | |
| 3 | 455580 | 230011939 | 中心书库北库/ 北库009架A面1列3层24/ [索取号:F239.62/1] | 在馆 | |
| 4 | 455581 | 230011938 | 中心书库北库/ 北库009架A面1列3层28/ [索取号:F239.62/1] | 在馆 | |
| 5 | 455582 | 230011937 | 中心书库北库/ 北库009架A面1列3层27/ [索取号:F239.62/1] | 在馆 |